000 00255nam a2200097Ia 4500
001 685029
005 20250826161509.0
008 250824s9999 xx 000 0 und d
245 0 _aAFFET BİZİ MARİN/O.MİROĞLU/EVEREST
_cORHAN MİROĞLU
260 _bEVEREST
999 _c685029
_d685029